Catalog

Record Details

Catalog Search



Red Bird  Cover Image Book Book

Red Bird / by Barbara Mitchell ; illustrated by Todd L.W. Doney.

Mitchell, Barbara, 1941- (Author). Doney, Todd. (Added Author).

Summary:

Katie, also known as Red Bird, joins her family and other Indians at the annual powwow in southern Delaware, where they celebrate their Nanticoke heritage with music, dancing, and special foods.

Record details

  • ISBN: 0688108598
  • ISBN: 0688108601
  • Physical Description: [32] pages : color illustrations ; 29 cm.
  • Publisher: New York : Lothrop, Lee & Shepard Books, c1996.
Subject: Nanticoke Indians > Rites and ceremonies > Juvenile fiction.
Nanticoke Indians > Fiction.
Indians of North America > Fiction.
Powwows > Fiction.

LDR 01158cam a2200289 a 4500
001124692
003CONS
00520140703073302.0
008950530s1996 nyua j 000 1 eng
010 . ‡a 95009664 /AC
020 . ‡a0688108598
020 . ‡a0688108601
035 . ‡a(CPomAG)LMN489067
05000. ‡aPZ7.M686 ‡bRe 1996
08200. ‡a[E] ‡220
1001 . ‡aMitchell, Barbara, ‡d1941-
24510. ‡aRed Bird / ‡cby Barbara Mitchell ; illustrated by Todd L.W. Doney.
260 . ‡aNew York : ‡bLothrop, Lee & Shepard Books, ‡cc1996.
300 . ‡a[32] pages : ‡bcolor illustrations ; ‡c29 cm.
520 . ‡aKatie, also known as Red Bird, joins her family and other Indians at the annual powwow in southern Delaware, where they celebrate their Nanticoke heritage with music, dancing, and special foods.
650 0. ‡aNanticoke Indians ‡xRites and ceremonies ‡vJuvenile fiction.
650 1. ‡aNanticoke Indians ‡vFiction.
650 1. ‡aIndians of North America ‡vFiction.
650 1. ‡aPowwows ‡vFiction.
7001 . ‡aDoney, Todd.
959 . ‡i32269000478225 ‡lE Mit ‡aJuvenile - Easy ‡tEasy ‡g15.93
852 . ‡p32269000478225 ‡jE Mit ‡gJuvenile - Easy ‡cEasy ‡y15.93 ‡bSBPL
901 . ‡a124692 ‡bUnknown ‡c124692 ‡tbiblio

Additional Resources